LEADER 01484nam a2200289 a 4500 001 000000141591 003 CaOOAMICUS 005 20150203133033.0 008 150203s1996 it aef u000 u ita r 020 $z8871662822* 040 $aPUL$bita 245 03$aIl bel San Giovanni e Santa Maria del Fiore :$bil centro religioso di Firenze dal tardo antico al Rinascimento /$ca cura di Domenico Cardini ; presentazione di Franco Cardini ; saggi di Anna Benvenuti ... [et. al.] ; disegni di Domenico Cardini e Marco Cardini. 260 $aFirenze :$bLe Lettere,$cİ1996. 300 $aVIII, 274 p., [3] c. di tav. :$bill., piante ;$c31 cm 504 $aBibliografia in nota. 610 24$aSanta Maria del Fiore (chiesa : Firenze).$0(OLS)http://pul/subject/41212 700 1 $aCardini, Franco,$d1940-$0(OLS)http://pul/name/5528 700 1 $aCardini, Domenico.$0(OLS)http://pul/name/91170 700 1 $aCardini, Marco.$0(OLS)http://pul/name/91171 700 1 $aBenvenuti, Anna.$0(OLS)http://pul/name/86008 850 $aPUL 852 $aPUL$W1$xDP1 Fondo Capitani$y116$m8 A 38$j163413$qFondi$B163348$CPULBib$Z2$F163348 $HCap1399 $82 941 1 $a1 996 $6020$z8871662822*$9(OLS)http://pul/number/156866 996 $6245$aIl bel San Giovanni e Santa Maria del Fiore :$bil centro religioso di Firenze dal tardo antico al Rinascimento$9(OLS)http://pul/title/179201 996 $6260$aFirenze :$bLe Lettere$9(OLS)http://pul/publisher/60356 LEADER 01233nam a2200289 a 4500 001 000000145411 003 CaOOAMICUS 005 20150903102043.0 008 150903s1990 it u000 u ita r 020 $a88-315-0251-4 040 $aPUL$bita 100 1 $aBollin, Antonio.$0(OLS)http://pul/name/93116 245 13$aLa catechesi nella vita della Chiesa :$bnote di storia /$cA. Bollin, F. Gasparini. 260 $aRoma :$bPaoline,$c1990. 300 $a351 p. ;$c23 cm 490 1 $aCatechisti oggi domani.$aMetodologia didattica ;$v01 504 $aBibliografia in nota. 650 4$aCatechesi$xChiesa cattolica.$0(OLS)http://pul/subject/15094 700 1 $aGasparini, Francesco.$0(OLS)http://pul/name/93117 830 0$aCatechisti oggi domani.$pMetodologia didattica ;$v01.$0(OLS)http://pul/title/183880 850 $aPUL 852 $aPUL$W1$xDP1 Fondo S. Lanza$y121$m3 N 70$j168154$qFondi$B168738$CPULBib$Z2$F168738 $HLan2281 $82 941 1 $a1 996 $6020$a88-315-0251-4$9(OLS)http://pul/number/158462 996 $6245$aLa catechesi nella vita della Chiesa :$bnote di storia$9(OLS)http://pul/title/183879 996 $6260$aRoma :$bPaoline$9(OLS)http://pul/publisher/50842